00926nam a2200277 a 4500001001000000003000900010005001700019007000300036008003400039020001900073040003000092082002900122100003600151245007700187264004200264300004500306336002700351337003500378338003000413490003000443500006600473500000600539650003600545650003600581700003100617000044367DO-SdBPM20250828131826.0ta101014s22014 dr a 000 j spa d a97899454654259 aDO-SdBPMbspacBPMSUerda 4aRD863.44bC712p 20142221 aCollins de Colado, Maryeautor 13aPedrito chichigua /cMary Collins de Colado ; ilustraciones Henry Cid  aSanto Domingo :bEdiciones CP, c2014 a61 páginas ;bilustraciones :c19 cm. atextobtxt2rdacontent asin mediación bn2rdamedia  avolumen bnc2rdacarrier 0 aLa casa de los cuentosv  aIncluye datos biográficos de la autora en la contracubierta a  7aCuentos infantiles dominicanos  7aLiteratura infantil dominicana 1 aCid, Henryeilustración